000 01326nam a2200385Ii 4500
001 DIGDEU0405
003 NyNyDIG
006 m o d
007 cr |||||||||||
008 130501s1996 sp b 000 0 spa d
020 _a9788498309089
_q(eBook)
020 _z8474854245
020 _z9788474854244
035 _a(OCoLC)857077709
040 _aDGITA
_beng
_epn
_cDGITA
050 1 4 _aBT303.2 eBook
100 1 _aAguirre Monasterio, Rafael.
245 1 0 _aAproximación actual al Jesús de la historia /
_cRafael Aguirre.
264 1 _aBilbao :
_bUniversidad de Deusto,
_c1996.
300 _a1 online resource (44 pages)
336 _atext
_btxt
_2rdacontent
337 _acomputer
_bc
_2rdamedia
338 _aonline resource
_bcr
_2rdacarrier
490 1 _aCuadernos de teología Deusto ;
_vno. 5
504 _aIncludes bibliographic references.
600 0 0 _aJesus Christ
_xHistoricity.
655 0 _aElectronic books.
710 2 _aUniversidad de Deusto.
_bFacultad de Teología.
791 2 _aDigitalia (Firm),
_edistributor.
830 0 _aCuadernos de teología Deusto ;
_vno. 5
793 0 _gDigitalia eBook Collection:
_aUniversidad de Deusto.
856 4 0 _3Digitalia Hispánica
_uhttps://www.digitaliapublishing.com/a/17877/
910 _aPremium Collection: 2007-2012
942 _cRAA
999 _c235593
_d235593